| 000 | 00664nam a2200133Ia 4500 | ||
|---|---|---|---|
| 008 | 171212s9999 xx 000 0 und d | ||
| 020 | _a9780833032133 | ||
| 100 | _aFarley, Donna O.;Shugarman, Lisa R.;Taylor, Pat;Inkelas, Moira;Ashwood, J. Scott | ||
| 245 |
_cFarley, Donna O.;Shugarman, Lisa R.;Taylor, Pat;Inkelas, Moira;Ashwood, J. Scott _aTrends in Special Medicare Payments and Service Utilization for Rural Areas in the 1990s |
||
| 260 |
_bRAND Corporation _c2002 |
||
| 650 | _aHealth Sciences | ||
| 650 | _aRural hospitals -- Prospective payment; Medicare; Medicare -- Cost control; Rural health services | ||
| 856 | _uwww.jstor.org/stable/10.7249/mr1595cms | ||
| 999 |
_c352756 _d352756 |
||